00804nam a22002417a 4500999001900000005001700019010001500036020002700051035001400078037001400092082001100106100002200117245005600139260004000195270005600235300002500291500002300316700002000339700002300359700001700382942002500399952013800424 c171171d17117120200108123451.0 aENG-127291 c1500.00a9788178543390 aEN-110823 bDBAD/PUB. a250.33 aChaudhary, Angraj aBuddha :cby Angraj ChaudharybLife and Teachings / aDelhibEastern Book Linkers .c2017 a5825, New Chandrawal, Jawahar Nagarb Delhie110007 axii,482p.c22cm.(hb) aIt includes index  aAneesh Kumar P. aGeorge, Tony Sam  aSudhesh N.T. 2ddccENmCHAh250.33 001040708NFICaAGbAGd2020-01-08eDBAD/PUBg1500.00l1m1o250.33 CHApEN-110823r2023-05-26 00:00:00s2023-04-25t1v1500.00yEN